[Event "Steyr Landesliga 1819"]
[Site "Austria"]
[Date "2018.11.17"]
[Round "5.6"]
[White "Jezt, Gerhard"]
[Black "Bauer, Patrick"]
[Result "1-0"]
[WhiteElo "2022"]
[BlackElo "1777"]
[PlyCount "51"]
[EventDate "2018.10.06"]
[EventType "team-tourn"]
[EventRounds "11"]
[EventCountry "AUT"]
[SourceTitle "CBM 189 Extra"]
[Source "ChessBase"]
[SourceDate "2019.06.03"]
[SourceVersion "1"]
[SourceVersionDate "2019.06.03"]
[SourceQuality "1"]
[WhiteTeam "Feldbach Kirchberg"]
[BlackTeam "Trofaiach Niklasdorf"]
[WhiteTeamCountry "AUT"]
[BlackTeamCountry "AUT"]

1. d4 d5 2. c4 c6 3. cxd5 cxd5 4. Nf3 Bf5 5. Nc3 Nf6 6. Bf4 a6 7. e3 Nc6 8. Ne5 e6 9. Qa4 Rc8 10. Nxc6 Rxc6 11. Bxa6 Nd7 12. Bb5 Rc8 13. 0-0 f6 14. Rfe1 g5 15. Bg3 h5 16. h3 h4 17. Bh2 g4 18. hxg4 Bxg4 19. e4 dxe4 20. Nxe4 Be7 21. d5 0-0 22. Bxd7 Ra8 23. Nxf6+ Rxf6 24. Qxg4+ Kh7 25. Bxe6 Qf8 26. Re5 1-0

[Event "Steyr Landesliga 1819"]
[Site "Austria"]
[Date "2018.11.10"]
[Round "4.6"]
[White "Bauer, Patrick"]
[Black "Guede, Werner"]
[Result "0-1"]
[WhiteElo "1777"]
[BlackElo "2094"]
[PlyCount "76"]
[EventDate "2018.10.06"]
[EventType "team-tourn"]
[EventRounds "11"]
[EventCountry "AUT"]
[SourceTitle "CBM 187 Extra"]
[Source "ChessBase"]
[SourceDate "2018.11.04"]
[SourceVersion "1"]
[SourceVersionDate "2018.11.04"]
[SourceQuality "1"]
[WhiteTeam "Trofaiach Niklasdorf"]
[BlackTeam "Graz Schachgesellschaft"]
[WhiteTeamCountry "AUT"]
[BlackTeamCountry "AUT"]

1. d4 g6 2. Bf4 Nf6 3. Nf3 d5 4. e3 Bg7 5. h3 0-0 6. c4 c5 7. Nc3 cxd4 8. Nxd4 a6 9. Be2 dxc4 10. Bxc4 Qa5 11. Bxb8 Rxb8 12. 0-0 Qc5 13. Bb3 Bd7 14. Rc1 Qg5 15. Nf3 Qh6 16. Ne5 Bc8 17. f4 b5 18. Rc2 Bb7 19. Rd2 e6 20. Kh2 b4 21. Na4 Ne4 22. Nd7 Rfd8 23. Nac5 Nxd2 24. Nxb8 Qh4 25. Nxb7 Nxf1+ 26. Qxf1 Rxb8 27. Qxa6 Qf2 28. Qa7 Rf8 29. Qb6 Qd2 30. Na5 h5 31. Nc4 Qe1 32. Qc7 h4 33. Qd7 Bf6 34. Qc6 g5 35. Qf3 Bd8 36. Qg4 Kg7 37. fxg5 Bc7+ 38. g3 Bxg3+ 0-1

[Event "Steyr Landesliga 1617"]
[Site "Austria"]
[Date "2017.03.18"]
[Round "8.7"]
[White "Meixner, Helmut"]
[Black "Bauer, Patrick"]
[Result "1-0"]
[WhiteElo "1953"]
[BlackElo "1764"]
[PlyCount "63"]
[EventDate "2016.10.01"]
[EventType "team-tourn"]
[EventRounds "11"]
[EventCountry "AUT"]
[SourceTitle "EXT 2018"]
[Source "ChessBase"]
[SourceDate "2017.10.13"]
[SourceVersion "1"]
[SourceVersionDate "2017.10.13"]
[SourceQuality "1"]
[WhiteTeam "Gamlitz"]
[BlackTeam "Trofaiach Niklasdorf"]
[WhiteTeamCountry "AUT"]
[BlackTeamCountry "AUT"]

1. d4 d5 2. c4 c6 3. Nc3 Nf6 4. Nf3 e6 5. Bg5 h6 6. Bh4 Bd6 7. e3 Nbd7 8. Rc1 0-0 9. Bd3 Re8 10. 0-0 a6 11. Qc2 Be7 12. Rfd1 Nh5 13. Bxe7 Qxe7 14. a3 dxc4 15. Bxc4 b5 16. Be2 Nhf6 17. Ne4 Nxe4 18. Qxe4 Bb7 19. Ne5 Nxe5 20. Qxe5 Red8 21. Bf3 Qd6 22. Qh5 Rac8 23. Rc5 Rc7 24. Rdc1 Kf8 25. g4 f6 26. Qg6 Re8 27. h4 Ree7 28. Be4 Rf7 29. Qh7 g5 30. Qxh6+ Ke7 31. hxg5 fxg5 32. Rxg5 1-0

[Event "Steyr Landesliga 1617"]
[Site "Austria"]
[Date "2016.10.29"]
[Round "3.6"]
[White "Krumphals, Alfred"]
[Black "Bauer, Patrick"]
[Result "1/2-1/2"]
[WhiteElo "1992"]
[BlackElo "1764"]
[PlyCount "121"]
[EventDate "2016.10.01"]
[EventType "team-tourn"]
[EventRounds "11"]
[EventCountry "AUT"]
[SourceTitle "CBM 175 Extra"]
[Source "ChessBase"]
[SourceDate "2016.12.12"]
[SourceVersion "1"]
[SourceVersionDate "2016.12.12"]
[SourceQuality "1"]
[WhiteTeam "Ratten Krieglach"]
[BlackTeam "Trofaiach Niklasdorf"]
[WhiteTeamCountry "AUT"]
[BlackTeamCountry "AUT"]

1. c4 c6 2. g3 d5 3. b3 Bf5 4. Bg2 e6 5. Nf3 h6 6. 0-0 Nf6 7. d4 Bd6 8. c5 Bc7 9. Nc3 0-0 10. b4 a6 11. a4 Nbd7 12. Nh4 Bh7 13. f4 b6 14. cxb6 Nxb6 15. Nf3 Nc4 16. Ne5 Bxe5 17. fxe5 Nd7 18. e4 Qb6 19. exd5 cxd5 20. Kh1 Qxb4 21. Nxd5 exd5 22. Bxd5 Rac8 23. e6 Ndb6 24. exf7+ Kh8 25. Bg2 Rc7 26. a5 Nc8 27. Qh5 Qc3 28. Bf4 Rcxf7 29. Rac1 Qxa5 30. Qe2 N8b6 31. Rxc4 Qb5 32. Rc2 Qxe2 33. Rxe2 Bd3 34. Rb2 Nc4 35. Rfb1 Nxb2 36. Rxb2 Bb5 37. d5 Re8 38. h4 Rfe7 39. Bf3 Re1+ 40. Kg2 Be2 41. d6 Bxf3+ 42. Kxf3 Rf1+ 43. Kg4 Rd1 44. Ra2 Ra8 45. Kf5 Kg8 46. Ke6 a5 47. d7 Ra6+ 48. Ke7 Re1+ 49. Kd8 a4 50. Ra3 Rd1 51. Ke8 Re6+ 52. Kd8 Ra6 53. Kc8 Ra8+ 54. Bb8 Rxb8+ 55. Kxb8 Rxd7 56. Rxa4 Kf7 57. Kc8 Re7 58. Kd8 Re3 59. Rf4+ Kg6 60. Rg4+ Kh7 61. Kd7 1/2-1/2

[Event "Steyr Landesliga 1617"]
[Site "Austria"]
[Date "2016.10.01"]
[Round "1.7"]
[White "Bauer, Patrick"]
[Black "Haas, Bernhard"]
[Result "1-0"]
[WhiteElo "1764"]
[BlackElo "1702"]
[PlyCount "69"]
[EventDate "2016.10.01"]
[EventType "team-tourn"]
[EventRounds "11"]
[EventCountry "AUT"]
[SourceTitle "CBM 175 Extra"]
[Source "ChessBase"]
[SourceDate "2016.12.12"]
[SourceVersion "1"]
[SourceVersionDate "2016.12.12"]
[SourceQuality "1"]
[WhiteTeam "Trofaiach Niklasdorf"]
[BlackTeam "Schachfreunde"]
[WhiteTeamCountry "AUT"]
[BlackTeamCountry "AUT"]

1. d4 d5 2. Bf4 e6 3. Nf3 Be7 4. e3 f5 5. Nbd2 Nf6 6. h3 0-0 7. Ne5 Bd7 8. c4 c6 9. c5 Be8 10. Be2 Nbd7 11. 0-0 Nxe5 12. Bxe5 Bg6 13. b4 a6 14. a4 Ne4 15. Nxe4 fxe4 16. b5 Bf6 17. Bh2 cxb5 18. axb5 axb5 19. Bxb5 Be8 20. Bxe8 Rxe8 21. Qb3 Qd7 22. Rxa8 Rxa8 23. Rb1 Qc6 24. g4 e5 25. dxe5 Be7 26. Qxb7 Qxb7 27. Rxb7 Bxc5 28. Rd7 Ra1+ 29. Kg2 Ra2 30. e6 Kf8 31. Rxd5 Bxe3 32. Bd6+ Kg8 33. Rf5 g6 34. Rf8+ Kg7 35. e7 1-0

[Event "Steyr Landesliga 1415"]
[Site "Austria"]
[Date "2015.02.07"]
[Round "7.6"]
[White "Bauer, Patrick"]
[Black "Suppan, Harald"]
[Result "0-1"]
[WhiteElo "1714"]
[BlackElo "2032"]
[PlyCount "80"]
[EventDate "2014.09.27"]
[EventType "team-tourn"]
[EventRounds "11"]
[EventCountry "AUT"]
[SourceTitle "EXT 2016"]
[Source "ChessBase"]
[SourceDate "2015.10.08"]
[SourceVersion "1"]
[SourceVersionDate "2015.10.08"]
[SourceQuality "1"]
[WhiteTeam "Trofaiach Niklasdorf"]
[BlackTeam "Graz Schachfreunde"]
[WhiteTeamCountry "AUT"]
[BlackTeamCountry "AUT"]

1. d4 d5 2. Bf4 Nf6 3. e3 c6 4. Bd3 Qb6 5. b3 Bg4 6. f3 Bh5 7. Ne2 Nbd7 8. c3 Bg6 9. Qc2 Rc8 10. Nd2 Nh5 11. Bg3 c5 12. Bxg6 hxg6 13. Qd3 Nxg3 14. Nxg3 Qc7 15. 0-0 e6 16. f4 Bd6 17. Nf3 Ke7 18. Qd2 cxd4 19. cxd4 Ba3 20. Rfd1 Nf6 21. h3 Qc3 22. Rab1 Rc7 23. Ne1 Rhc8 24. Kf1 Ne4 25. Nxe4 dxe4 26. Kf2 Kf6 27. b4 Rc4 28. b5 g5 29. fxg5+ Kxg5 30. Qe2 f5 31. Rb3 Qa5 32. d5 Bb4 33. d6 Bxe1+ 34. Qxe1 Qxa2+ 35. Kf1 Qxb3 36. d7 Qxb5 37. Qg3+ Kf6 38. Qh4+ Kg6 39. dxc8Q Rxc8+ 40. Kg1 Qe5 0-1